000 00276nam a22001217a 4500
008 180301b xxu||||| |||| 00| 0 eng d
041 _aeng
080 _a7
100 _a44
101 _aART
245 _aImportant 20th Century decorative Arts
_cChristie's
942 _2udc
_cBK
999 _c43839
_d43839